000 00387cam a2200157ua 4500
041 _amal
_h
082 _a894.812 301
_bVEN/KO
100 _aVenugopal, K S .
245 _aKorean Nadodi Kathakal /
_cK S Venugopal.
_hTextual Documents
250 _a1 /
_b.
260 _aThrissur :
_bCurrent Books ,
_c1959.
300 _a101 ; .
504 _a
942 _cBK
999 _c3840
_d3840